000 00633nam a2200157Ia 4500
003 GCL
005 20240530110154.0
008 140319s9999 xx 000 0 ara d
040 _aGCL /
_cGCL
082 0 4 _a346.07
_bح ق
100 1 _4حسنى المصرى
245 1 0 _aالقانون التجارى :
_bالافلاس - شروطه - اثاره - اجراءته - انتهاؤه - التسوية الودية - الصلح القضائى - الصلح الواقى من الافلاس /
_cحسنى المصرى
260 _a[ القاهرة ] :
_bمطبعة حسان ،
_c1988
300 _a598 ص؛
_b24 سم
942 _2ddc
_cBK
999 _c59162
_d59162